| 000 | 00419nam a2200145 a 4500 | ||
|---|---|---|---|
| 005 | 20140412111348.0 | ||
| 008 | 110407s19uu xx 00 eng d | ||
| 020 | _a0-307-99511-9 | ||
| 050 |
_aER _bPo75 2000 |
||
| 100 | _aTalkington, Bruce | ||
| 245 |
_aPoky and friends : _bThe haunted trucks / _cBruce Talkington. |
||
| 260 |
_aNew York : _bGolden, _c2000. |
||
| 440 | _aA Tootle the train adventure | ||
| 999 |
_c105244 _d105244 |
||